Terperangkap Pulau Sulok

Bibliographic Details
Corporate Author: Perbadanan Perpustakaan Awam Johor (Author)
Format: Book
Published: Johor Bahru : Perbadanan Perpustakaan Awam Johor 2020
Subjects:

MARC

LEADER 00000cam a2200000 7i4500
001 0000091947
005 20230713115506.0
020 |a 9789672083726 (  |q (paperback)) 
040 |e rda 
041 |a Malay 
090 0 0 |a JP   |b MAL 
110 0 |a Perbadanan Perpustakaan Awam Johor   |e (author) 
245 0 0 |a Terperangkap Pulau Sulok   |c Perbadanan Perpustakaan Awam Johor 
264 1 |a Johor Bahru :   |b Perbadanan Perpustakaan Awam Johor   |c 2020 
300 |a 124 pages :   |b color illustration ;   |c 17.8 cm. 
336 |a text  |2 rdacontent 
337 |a unmediated  |2 rdamedia 
338 |a volume  |2 rdacarrier 
500 |a Children age 4-6 years old (yellow) 
541 |c Purchased on 2020   |f PPAJ 
650 0 |a Children stories, Malay 
650 0 |a Didactic fiction, Malay 
650 0 |a Friendship   |x Fiction 
730 0 |a Judul 
999 |a 0001730371   |b Book   |c Children Collection   |e Cawangan Taman Universiti 
999 |a 0001730372   |b Book   |c Children Collection   |e Cawangan Bukit Gambir